000 01232cam a2200241 4500
001 10706
005 20230404125641.0
008 060907n1999 wau eng
035 _9funglode10790
041 _aeng
050 1 4 _aCD F
100 1 _aSzékely, Miguel
245 1 4 _aThe 1990s in Latin America :
_banother decade of persistent inequality /
_cMiguel Székely, Marianne Hilgert
260 _aWashington D.C. :
_bInter-American Development Bank,
_c1999
300 _a42 p.
520 _aThis paper argues that there is no country in Latin America where we can confidently say that income inequality improved during the 1990s. This fact is documented for the 15 countries where comparable household surveys are available. The paper seeks to draw conclusions from the statistics and compares Latin America's increase in inequality with that of developed countries and Eastern Europe.
533 _aMicrofiche.
_bWashington, D.C. :
_cCIS, Inc.,
_d2000.
_e1 microfiche.
_f(IIS microfiche library ; 2000, 1670-S9.62).
650 0 _aIncome distribution
_zLatin America.
650 0 _aEquality
_zLatin America.
700 1 _aHilgert, Marianne.
710 2 _aInter-American Development Bank.
_bResearch Dept.
942 _2lcc
_ccd
999 _c1887
_d1887